[Event "Vladimir Petrov Memorial"]
[Site "Jurmala"]
[Date "2012.02.19"]
[Round "7"]
[White "Mamedyarov, Shakhriyar"]
[Black "Ivanchuk, Vassily"]
[Result "1/2-1/2"]
[WhiteElo "2747"]
[BlackElo "2766"]
[Annotator "Mikhalchishin,A"]
[PlyCount "117"]
[EventDate "2012.02.18"]
[EventType "tourn (rapid)"]
[EventRounds "7"]
[EventCountry "LAT"]
[EventCategory "18"]
[SourceTitle "CBM 147"]
[Source "ChessBase"]
[SourceDate "2012.03.16"]
[SourceVersion "1"]
[SourceVersionDate "2012.03.16"]
[SourceQuality "1"]

1. d4 Nf6 2. c4 e6 3. Nf3 b6 4. a3 Bb7 5. Nc3 d5 6. cxd5 Nxd5 7. Bd2 Nd7 8. Qc2
c5 9. e4 Nxc3 10. Bxc3 cxd4 11. Nxd4 a6 12. O-O-O $1 {The manly approach -
other moves here are chicken moves and can't claimd to achieve a real
advantage. I played it myself and we analysed it seriousely in Anatoly
Karpov's group during his match against Kasparov. Just strange, that it is
only the second game in the bases!} ({The most popular move was here} 12. g3 {
but as the result the position appeared to be very equal or White's advantage
was not real enough to be played for a win.} Rc8 (12... Qc7 13. Bg2 Be7 $5 14.
O-O O-O 15. Rac1 (15. Qe2 Rac8 16. Rfd1 Rfd8 17. Nb3 (17. Rac1 Nc5 18. Bb4 (18.
Qg4 Bf8 $11 (18... Bf6 $2 19. Nb5 $1 (19. Nxe6 $2 Nxe6 20. Bxf6 Rxd1+ 21. Rxd1
h5 $1 $19) 19... Rxd1+ (19... axb5 20. Bxf6 Rxd1+ 21. Rxd1 g6 22. Qg5 $18) 20.
Rxd1 Qe7 21. Nd6 Rd8 22. e5 Bg5 23. Bxb7 Nxb7 24. h4 Bh6 25. Nxb7 $18)) 18...
Qb8 $11 19. Nb3 Bg5 $1 {Cramling,P-Hjartarson,J/Reykjavik (zt) 1995; and Black
can start measures to weaken the solid white position.}) 17... Bf6 18. Rac1 Qb8
19. Bxf6 Nxf6 20. Rxd8+ Rxd8 21. Qe3 Ba8 22. f3 Nd7 23. Bf1 a5 24. Be2 Ne5 25.
Nd4 Rc8 26. Kf2 h6 27. Rxc8+ Qxc8 28. Nb5 Qd8 29. Qc3 Nc6 30. e5 Ne7 31. Nd6
Kf8 32. f4 Bc6 33. h4 {Anastasian,A-Nyback,T/Antalya 2004. The space advantage
can become serious.}) 15... Rac8 16. Qe2 Rfd8 $1 $146 (16... Qb8 17. f4 Rfd8
18. Kh1 Qa8 19. Nb3 Bf6 20. e5 Be7 21. Rfd1 Nc5 22. Nxc5 Bxc5 23. Bxb7 Qxb7+
24. Qg2 Qxg2+ 25. Kxg2 Kf8 26. Kf3 Ke8 27. Rxd8+ Kxd8 28. Be1 Be7 29. Rxc8+
Kxc8 30. a4 h5 {Crouch,C-Marusenko,P/Monmouth 2001; and White retained an
unpleasant space advantage.}) 17. Nb3 (17. Bb4 $2 Qxc1 18. Bxe7 Re8 19. Rxc1
Rxc1+ 20. Bf1 Rxe7 $17) (17. Nxe6 fxe6 18. Qg4 Ne5 $8 19. Qxe6+ Nf7 $17) 17...
Ne5 (17... Nc5 18. Bb4 $14) 18. Bb4 (18. f4 $6 Qc4 $1 $15) 18... Qd7 19. Bxe7
Qxe7 $11 20. f4 Nd7 21. e5 Nc5 22. Nxc5 Rxc5 23. Bxb7 Qxb7 (23... Rxc1 24. Rxc1
Qxb7 25. Rd1 (25. Qg2 Qd7 $15) 25... Rxd1+ 26. Qxd1 h6 $11) 24. Rxc5 bxc5 25.
Rd1 Rxd1+ 26. Qxd1 {Akopian,V-Gurevich,M/Haifa 1995. The queen ending does not
promise any real winning chances.}) 13. Bg2 Bc5 $5 14. Qe2 O-O 15. O-O Qc7 16.
Rfd1 Rfd8 17. Nb3 Be7 18. Rac1 Nc5 19. Bb4 $1 Rxd1+ 20. Qxd1 a5 21. Bxc5 Bxc5
22. Nxc5 bxc5 {Mikhalchishin,A-Schandorff,L/Bled (ol) 2002} (22... bxc5 23. Rc3
{/\ Qc2+/-})) ({This move is somewhere in the middle of nowhere!} 12. Rd1 Qc7
13. Be2 Be7 14. O-O O-O 15. f4 (15. f3 Rac8 16. Qd2 Rfd8 17. Bb4 Nc5 18. Qe1
Bf6 19. Qf2 Na4 {Anastasian,A-Dive,R/Moscow/1994; with some black initiative.})
15... Rac8 16. Kh1 $6 {Bagirov wasted a useful tempo, Black will get a chance
to clear the central structure to his advantage.} (16. e5 $5 Nc5 (16... Bxa3
17. bxa3 Qxc3 18. Qxc3 Rxc3 19. Nxe6 fxe6 20. Rxd7 Bd5 21. Bxa6 Rxa3 $15) 17.
Bf3 Bxf3 18. Rxf3 $11) 16... Nc5 (16... Bxa3 17. Qa4 Bd6 18. e5 Bc5 19. Nxe6
Bc6 20. Nxc7 Bxa4 21. Ra1 Rxc7 22. Rxa4 a5 23. Rd1 $14) 17. e5 (17. Bf3 $2 Qxf4
$17) 17... Be4 18. Qd2 Qb7 {Bagirov,R-Palac,M/Batumi 1999; with serious
initiative on the diagonal.}) 12... Be7 ({No big difference - Black can start
in this variation with another necessary move} 12... Qc7 13. Bd3 Rc8 14. Rhe1
Nc5 15. e5 Nxd3+ 16. Rxd3 Be7 17. f4 Qc4 18. f5 Bg5+ 19. Kb1 Bd5 20. b3 Qc5 21.
Bb4 (21. Kb2) 21... Qxc2+ {Alvarez Ibarra,R-Servat,R/Matanzas 1995; with an
unclear ending.} 22. Nxc2 a5 23. Bd6 Kd7) 13. f4 ({Exploiting the moment the
c4-square is free would be more in Mamedyarov's style to sharpen the play:} 13.
Bc4 $5 Rc8 14. Nxe6 fxe6 15. Bxe6 Rc7) 13... Qc7 14. f5 ({White tries to
attack the e6-square with the pawns, but it was possblr to continue in a
Sicilian way:} 14. g3 Rc8 15. Bh3 Bxa3 16. Kb1 Be7 17. Bxe6 fxe6 18. Nxe6 Qc6
19. Nxg7+ Kf7 20. Nf5 Rhe8 21. Rhe1 Nc5) 14... Nc5 15. fxe6 fxe6 16. Bc4 $5 ({
Of couse, not in Mamedyarov's style was} 16. Bd3) 16... Bg5+ 17. Bd2 ({Just a
computer and no human can consider an alternative like} 17. Kb1 Bxe4 18. Bd3
Bxd3 19. Rxd3 e5 20. Rg3 Bf4 21. Rg4) 17... Bxd2+ 18. Rxd2 Rc8 $2 ({It was
much better was to centralise the queen by} 18... Qe5 19. Qc3 Nxe4 20. Qe3 O-O
21. Rc2 Rae8 22. Re1) 19. Nxe6 Nxe6 ({Still better was} 19... Qe5 20. Nxc5 Qxc5
21. Be6 Bxe4) 20. Bxe6 Qxc2+ 21. Rxc2 Rxc2+ 22. Kxc2 Ke7 ({Black did not want
to support the activation of his opponent's king:} 22... Bxe4+ 23. Kc3 Bc6 24.
Re1 Kd8 25. Bh3 Re8 26. Rxe8+ Kxe8 27. Kd4 Kf7 28. Ke5) ({But a safer move was
} 22... Rf8 23. Kd3 Rf2 24. Rc1 Kd8) 23. Bc4 Rf8 24. Kc3 Rf2 ({White would
keep some advantage after the softer} 24... Rf4 25. g3 Rxe4 26. Rf1 Ke8 27. Bd3
Re3 28. Kd4) 25. g3 a5 26. h4 ({Another option was to start immediaely on the
queenside with} 26. b4 Rf3+ 27. Kd4) 26... Rc2+ ({Black could wait a bit to
improve the bishop} 26... Bc6) 27. Kd4 $2 ({It was necessary to take the pawn,
despite the activation of the black king:} 27. Kxc2 Bxe4+ 28. Bd3 Bxh1 29. Bxh7
Kf6 30. Kd3 Ke5 31. Ke3 Bd5 32. g4) 27... Bc8 ({White would keep some chances
in the rook ending after} 27... Rxb2 28. Rf1 Rd2+ 29. Ke5 Rd7 30. Be6 Rc7 31.
Rf7+ Kd8 32. Rf8+ Ke7 33. Rg8 Rc5+ 34. Bd5 Bxd5 35. exd5 Kf7 36. Rb8 Rc3 37.
Rb7+) 28. b4 axb4 29. axb4 Rb2 30. Ra1 $1 Bd7 (30... Rxb4 $4 31. Kc3) 31. b5 $6
({Much better was} 31. Ra7 Rxb4 32. Kc3 Rb1 33. e5 Rc1+ 34. Kd3 Kd8 35. e6 Bc6
36. Rxg7) 31... Rd2+ 32. Ke5 Rc2 33. Kd4 (33. Bd5 {promised considerable
winning chances:} Bxb5 34. Ra7+ Bd7 35. Rb7 b5 36. Be6 Rd2 37. Bxd7 Rxd7 38.
Rxb5) 33... Rd2+ 34. Kc3 Rg2 35. Ra6 (35. Ra7 {achieved nothing real:} Rxg3+
36. Kd4 Kd8 37. Rb7 Rg6 38. h5 Rd6+ 39. Bd5 Kc8 40. Ra7 Rh6 41. e5 Rxh5 42. e6
Bxb5 43. e7 Kb8 44. Rb7+ Kc8) 35... Rxg3+ 36. Kd4 Rg6 37. Ra7 Rh6 38. Bd5 (38.
e5 {achieves nothing, even here:} Rxh4+ 39. Kc3 Kd8 40. e6 Rxc4+ 41. Kxc4 Bxe6+
42. Kd4 Bd7) 38... Kd8 39. Ra8+ Kc7 40. Ra7+ Kd8 41. Ra8+ Kc7 42. Ra7+ Kd8 43.
Ra8+ {Typical rapid chess - too many repetitions.} Kc7 44. Rg8 Bxb5 45. Rxg7+
Kd8 46. Ke5 Bd7 {Now it is clear, that Ivanchuk has successfully defended -
it's a draw.} 47. Rg8+ Kc7 48. Rg7 Kd8 49. Rg8+ Kc7 50. Rg7 Kd8 51. Bg8 Rxh4
52. Bxh7 Rh6 53. Bf5 Bxf5 54. exf5 Ke8 55. Rg6 Rxg6 56. fxg6 Kf8 57. Kd5 Kg7
58. Kc6 Kxg6 59. Kxb6 1/2-1/2

[Event "Bucharest Kings 6th"]
[Site "Bucharest"]
[Date "2012.11.07"]
[Round "1"]
[White "Ivanchuk, Vassily"]
[Black "Nisipeanu, Liviu Dieter"]
[Result "1-0"]
[WhiteElo "2763"]
[BlackElo "2668"]
[Annotator "Krasenkow,M"]
[PlyCount "97"]
[EventDate "2012.11.07"]
[EventType "tourn"]
[EventRounds "6"]
[EventCountry "ROU"]
[EventCategory "20"]
[SourceTitle "CBM 152"]
[Source "ChessBase"]
[SourceDate "2013.01.15"]
[SourceVersion "1"]
[SourceVersionDate "2013.01.15"]
[SourceQuality "1"]

1. d4 Nf6 2. c4 e6 3. Nc3 Bb4 4. Qc2 O-O 5. a3 Bxc3+ 6. Qxc3 b5 {This
interesting pawn sacrifice was examined in several CBM issues, most recently
in CBM 124, annotations to Wang Yue - Mamedyarov.} 7. cxb5 c6 8. Bg5 cxb5 9. e3
Bb7 10. Nf3 a6 11. Bd3 (11. Be2 {is more passive.}) 11... h6 12. Bh4 d6 13. O-O
Nbd7 14. Qb4 {Probably the most accurate move order. White immediately attacks
the d6-pawn.} (14. Bg3 Rc8 15. Qb4 Be4 16. Be2 Rc2 17. Rfe1 Nd5 18. Qxd6 Qc8
19. a4 Rxb2 20. Bf1 N7b6 21. axb5 axb5 22. Ne5 Nc4 23. Nxc4 bxc4 $132 {1/2
Howell,D (2620)-Jones,G (2655)/North Shields ENG 2012/The Week in Chess 925 
(32)}) (14. Rfd1 Qb6 15. Qe1 Be4 16. Bf1 Rfc8 17. Nd2 Bg6 18. Rdc1 e5 $11 {
1/2 Kruppa,Y (2552)-Stanec,N (2530)/Panormo 2001/CBM 084 ext (30)}) (14. a4
bxa4 15. Rxa4 e5 16. dxe5 dxe5 17. Rd1 Qe7 18. Nd2 Rfc8 19. Qb4 Nc5 20. Nb3 g5
21. Nxc5 Rxc5 22. Ra5 Ne4 $1 23. Rxc5 (23. Bxe4 Rc1 $1) 23... Nxc5 24. Rc1 Rc8
25. Bg3 Rc7 $11 {1/2 Schmidt,T (2455)-Rost,D (2502)/ICCF Email 1999/CBM 114 
(30)}) (14. Rac1 Qb6 15. Nd2 Rac8 16. Qb4 Nd5 17. Qb3 N7f6 18. Bb1 a5 19. Rxc8
Rxc8 20. Qd1 Nd7 21. Re1 a4 $11 {1-0 Bryzgalin,K (2473)-Polschikov,A (2395)/
Taganrog 2011/CBM 143 (59)}) (14. Rfc1 Qb6 (14... Rc8 15. Qb4 Rxc1+ 16. Rxc1
Qb8 (16... Bxf3 $5 17. gxf3 Nd5 {V.Golod}) 17. Bg3 Rc8 18. Re1 (18. Rxc8+ Qxc8
19. Bxd6 Qc1+ 20. Ne1 Ne4 21. Bxe4 Bxe4 22. Qc3 Qxc3 23. bxc3 Nb6 {should be a
draw}) 18... Be4 19. Bf1 Rc6 20. Nd2 Qb6 21. Nxe4 Nxe4 22. a4 bxa4 23. Qxa4
Ndf6 $11 {1/2 Moreno Ruiz,J (2536)-Illescas Cordoba,M (2601)/Arenal d'en
Castell 2011/EXT 2012 (30)}) 15. Bg3 (15. Qc7 Rfc8 16. Qxb6 Nxb6 17. Bg3 Rxc1+
18. Rxc1 Rc8 $11 {0-1 L'Ami,E (2628)-Nakamura,H (2751)/Wijk aan Zee 2011/CBM
141 (43)}) 15... Nh5 16. Qc7 Nxg3 17. Qxd7 Nh5 18. Qc7 Qxc7 19. Rxc7 Rab8 20.
Rac1 Nf6 21. Nd2 Rfc8 22. Nb3 Kf8 23. Na5 Ne8 24. R7c3 Ke7 25. f3 Kd7 $11 {
1/2 Wang Yue (2689)-Mamedyarov,S (2752)/Baku 2008/CBM 124/[Krasenkow] (48)})
14... Qb6 15. Bg3 Be4 (15... Bxf3 16. gxf3 e5 17. a4 $1 Rab8 18. axb5 axb5 19.
Ra5 $14 {1/2 Ballo,E (2195)-Traudes,W (2195)/Germany 1998/EXT 1999 (57)}) 16.
Be2 Rfc8 17. Rfc1 Ne8 (17... d5 18. Rc3 (18. Ne5 $14) 18... Bxf3 19. gxf3 Rc6
20. Rac1 Rac8 21. Bd3 Rxc3 22. Rxc3 Rxc3 23. Qxc3 Qb7 24. b3 $14 {1/2 Arlandi,
E (2434)-Tukmakov,V (2595)/Geneve 2001/EXT 2002 (55)}) 18. Nd2 (18. Ne1 $5 Rxc1
19. Rxc1 Bb7 20. f3 Rc8 21. Rxc8 Bxc8 22. e4 Bb7 23. Kf1 Qc6 24. Qa5 Nb6 25. b3
f5 26. d5 Qc7 27. dxe6 fxe4 28. fxe4 Nd5 $1 29. Qxc7 Ndxc7 30. e5 dxe5 31. Bxe5
Nxe6 $14 {1/2 Sarkar,J (2414)-Yang,D (2493)/Saint Louis USA 2012/The Week in
Chess 943 (60)}) {However, GM Vassily Ivanchuk shows that White needn't fear ..
.Be4-c2.} 18... Bc2 $6 (18... Bb7 $5) 19. h3 Rab8 20. a4 $1 bxa4 $2 (20... Ndf6
$1 $14) 21. Qxb6 Nxb6 22. Bxa6 Rc7 23. Bb5 f6 24. Bxe8 Rxe8 25. Bxd6 Rc6 26.
Bc5 {White has won a pawn; besides, Black's a4-pawn is weak.} Bg6 $2 {After
this move the a4-pawn is lost, too, and Black's position becomes absolutely
hopeless.} (26... Bd3 $1 27. Rc3 Bb5) 27. Nc4 $1 Nxc4 28. Rxc4 Ra8 29. Rcxa4
Rxa4 30. Rxa4 {[%mdl 4096]} Bd3 31. Ra3 Be2 32. Ra8+ Kf7 33. Ra7+ Kg8 34. Rb7
Ra6 35. Bb4 $6 {A strange move.} (35. b4 $142 Ra1+ 36. Kh2 Rb1 37. e4) 35...
Ra1+ 36. Kh2 Rc1 37. h4 h5 38. Bc3 Bc4 39. Rc7 Bd3 40. Rc5 Rc2 41. Kg3 Be2 $2 (
41... Be4 $1 {was much stronger, preventing e3-e4 and setting up a nice trap:}
42. Rxh5 $2 e5 43. dxe5 Bg6 44. Kg4 Rxf2 45. exf6 Bxh5+ 46. Kxh5 gxf6 {, and
it is unclear whether White can win. Therefore after 41...Be4 more efforts
were required from White to convert his material advantage.}) 42. e4 {Now
everything is easy.} Kf7 43. d5 exd5 44. Rxd5 (44. exd5 {was even simpler.})
44... Bg4 45. f3 Be6 46. Rxh5 Bc4 47. e5 Kg6 48. Rh8 Bf1 49. exf6 {Concluding:
White keeps some pressure in this line.} 1-0

[Event "Bucharest Kings 6th"]
[Site "Bucharest"]
[Date "2012.11.08"]
[Round "2"]
[White "Topalov, Veselin"]
[Black "Ivanchuk, Vassily"]
[Result "1/2-1/2"]
[WhiteElo "2769"]
[BlackElo "2763"]
[Annotator "Rogozenco,D"]
[PlyCount "129"]
[EventDate "2012.11.07"]
[EventType "tourn"]
[EventRounds "6"]
[EventCountry "ROU"]
[EventCategory "20"]
[SourceTitle "CBM 152"]
[Source "ChessBase"]
[SourceDate "2013.01.15"]
[SourceVersion "1"]
[SourceVersionDate "2013.01.15"]
[SourceQuality "1"]

1. e4 e5 2. Nf3 Nc6 3. Bb5 a6 4. Ba4 Nf6 5. O-O Be7 6. d3 {These days this is
quite popular move on the highest level, designed to avoid tons of theory in
the main lines.} d6 7. c3 O-O 8. Re1 Bg4 9. Nbd2 Nd7 10. h3 Bh5 11. Bc2 (11.
Nf1 {allows Black to start activity in the centre:} Nc5 12. Bc2 (12. Bxc6 bxc6
13. g4 Bg6 14. Ng3 Ne6 15. Kg2 c5 $11 {Carlsen,M (2786)-Beliavsky,A (2619)
Dresden 2008}) 12... d5 13. Qe2 Bxf3 14. Qxf3 d4 $11 {Adams,M (2735)
-Kasimdzhanov,R (2679) Cala Mayor 2008}) 11... h6 {A new continuation in this
particular position. Like yesterday against Nisipeanu (19.h3), the Ukrainian
GM makes a useful waiting move, asking White to define his intentions.} (11...
Nc5 {has been played before, after which White can start playing aggressively
with} 12. g4 Bg6 13. d4 {winning a tempo by attacking the knight and Black has
nothing better than to retreat it back to d7.}) 12. a3 {Playing "cat and
mouse": for the moment Topalov is choosing a similar strategy, asking his
opponent to find another useful move.} Re8 {Ivanchuk doesn't have problems
with that: Black is not forced to hurry with playing Nd7-c5, since there are
sufficient other options.} 13. g4 {White can hardly claim to fight for
advantage without the pawn advance in the centre. And in order to play d3-d4
the ex-World Champion decides to go for this double-edged advance as well.} ({
The immediate} 13. d4 {would be a mistake in view of} exd4 14. g4 dxc3) ({But} 
13. Nf1 {was a very decent alternative}) 13... Bg6 14. d4 exd4 15. cxd4 d5 $1 {
A good "human" decision. In all cases Black's chances for a successful fight
for the supremacy in the centre is by no means worse.} 16. e5 {"When I went
for this, I missed that he can arrange his pieces so comfortably like in the
game and that White can be even worse" (Topalov)} (16. exd5 Bxc2 17. Qxc2 Na7 {
is also fine for Black.}) 16... Bxc2 17. Qxc2 Nf8 {The knight comes to e6,
blockading e5 and underlining the weakness of pawn on d4.} 18. Nf1 {Ideally
White would like to bring this knight to f5 and create some attack, but Black
will mobilise his forces very quickly and start his own counterplay on the
kingside, exploiting the weaknesses created by the advance of the white g-pawn.
} Ne6 19. Be3 Bg5 20. Rad1 (20. Nxg5 hxg5 21. Rad1 f6 {offers Black great play
as well.}) 20... f6 $1 21. Qb3 Na5 22. Qc3 ({After} 22. Qb4 {Black plays} Nc4 {
as well and} ({Better than} 22... c6 23. h4 Bxe3 24. Nxe3 $14) 23. Qxb7 {
favours Black after} Rb8 $17) 22... Nc4 23. h4 Bxe3 24. Nxe3 Nxe3 25. Qxe3 c6 (
25... fxe5 26. Qxe5 c6 27. Re3 $11) 26. h5 Rf8 27. exf6 Qxf6 {Ivanchuk has
managed to achieve a slight advantage. Almost at every move White has several
options, but there is no clear equality, which means that Topalov is always
forced to defend a slightly inferior position. However, in spite of the many
remaining moves, the game never crossed the line of just a minimal advantage
for Black.} 28. Ne5 {Topalov prefers to keep the knights, possibly hoping that
in a more complicated position time can play its role (Ivanchuk had less than
10 minutes left at this moment).} (28. Qxe6+ Qxe6 29. Rxe6 Rxf3 30. Re7 Raf8
$15) 28... Qh4 29. Qg3 Qxg3+ 30. fxg3 {Black's structural advantage is not
enough for real winning chances.} Ng5 31. Kg2 Ne4 32. Rf1 Rxf1 33. Rxf1 Re8 (
33... Rf8 34. Rf5 $1) 34. Nd7 Rd8 35. Ne5 Re8 36. Nd7 a5 {Obviously, being at
no risk himself Ivanchuk prefers to keep the game going.} (36... Rd8 37. Ne5
Re8 {would have been a draw due to the threefold repetition.}) 37. a4 Ng5 38.
Ne5 Rf8 39. Rf5 $1 {White is ready to exchange rooks only if it improves his
pawn structure.} (39. Rf4 $2 Ne6 40. Rxf8+ Kxf8 {and the knight endgame is
lost for White}) 39... Ne4 (39... Ne6 40. Nf3) 40. Kf3 Re8 41. Kg2 Nd6 42. Rf2
Re7 43. b3 Re8 44. Rc2 Nf7 45. Nf3 Kf8 46. Rf2 Kg8 (46... Ke7 47. Nh4 $1) 47.
Rc2 Kh7 ({The complications after} 47... Re3 48. Rc5 Rxb3 49. Rxa5 {will most
likely lead to a draw as well.}) 48. Rc5 Re2+ 49. Kf1 Re3 50. Kg2 Ng5 (50...
Rxb3 51. Rxa5 $11) 51. Nxg5+ hxg5 52. Rxa5 Rxb3 53. Ra7 g6 54. a5 Kh6 55. Ra8 (
55. a6 bxa6 56. Rxa6 Rc3 57. hxg6 Kxg6 58. Ra7 Kf6 59. Rc7 {is also possible.})
55... gxh5 56. Rh8+ Kg7 57. Rb8 Rb5 (57... hxg4 $2 58. a6) (57... h4 58. gxh4
gxh4 59. Kh2 $1 $11 (59. a6 $4 {loses here:} Rg3+ 60. Kh2 bxa6)) 58. gxh5 g4
59. Kf2 Kh6 60. Ke3 Kxh5 61. Kf4 Kg6 62. Kxg4 Rxa5 63. Kf4 c5 64. dxc5 Rxc5 65.
Rxb7 1/2-1/2

[Event "Bucharest Kings 6th"]
[Site "Bucharest"]
[Date "2012.11.13"]
[Round "6"]
[White "Ivanchuk, Vassily"]
[Black "Topalov, Veselin"]
[Result "1/2-1/2"]
[WhiteElo "2763"]
[BlackElo "2769"]
[Annotator "Rogozenco,D"]
[PlyCount "60"]
[EventDate "2012.11.07"]
[EventType "tourn"]
[EventRounds "6"]
[EventCountry "ROU"]
[EventCategory "20"]
[SourceTitle "CBM 152"]
[Source "ChessBase"]
[SourceDate "2013.01.15"]
[SourceVersion "1"]
[SourceVersionDate "2013.01.15"]
[SourceQuality "1"]

1. d4 Nf6 2. c4 e6 3. Nf3 d5 4. Nc3 c6 5. e3 Nbd7 6. Bd3 dxc4 7. Bxc4 b5 8. Bd3
Bb7 {The Meran Variation.} 9. a3 (9. O-O {and}) (9. e4 {are the main moves,
but 9.a3 is also currently fashionable at the highest level. For instance,
among many other top GMs it was successfully played by Carlsen and Kramnik.
Even Topalov used it on the White side before.}) 9... Bd6 10. O-O O-O 11. Bd2
a5 12. Ng5 h6 13. Nge4 Be7 14. Qc2 Rc8 15. Nxf6+ Nxf6 16. Ne4 c5 {As a rule of
thumb, if Black succeeds in playing c6-c5 in the Meran he is doing fine. The
present game is no exception.} 17. Nxf6+ gxf6 $5 {One can only admire
Topalov's fighting spirit.} ({Black could easily keep equal prospects with} 
17... Bxf6 18. dxc5 Bxb2 {which actually has been played before. In that case
the position is very drawish. For instance} 19. Bh7+ Kh8 20. Qxb2 Kxh7 21. Rac1
Bc6 22. f3 Qc7 23. Bc3 f6 24. Rfd1 Rfd8 25. Rd6 Rxd6 26. cxd6 Qxd6 27. Bxa5 {
and both games in GM practice which achieved this position ended in a draw
soon.}) 18. Rae1 $5 {Vassily Ivanchuk chooses the most ambitious continuation
for White. This creative rook move has several ideas. First of all, the e-file
is very likely to open soon and then the rook will be active on e1. Secondly,
White is ready to place the queen on d1 (on its way to h5) without breaking
the connection between the rooks. True, the rook on f1 is out of play for the
moment, but apparently the Ukrainian GM considered this not such an important
factor.} ({After} 18. Bxb5 cxd4 19. Qb3 f5 20. exd4 {White can hope to remain
with an extra pawn, but in any case Black will have sufficient activity.
Instead, Ivanchuk fights for the initiative himself.}) ({In the event of the
immediate} 18. Qd1 f5 19. Qh5 cxd4 {White is missing the rook on e4 to support
the e3-e4 advance.}) 18... f5 ({The main idea behind 18.Rae1 can be seen in
the following variation:} 18... cxd4 19. Qd1 dxe3 $2 20. Rxe3 {and White
builds a strong attack.}) 19. Qd1 Bg5 20. e4 Qxd4 (20... c4 {might have been
more unpleasant for White, since after} 21. Bc2 Qxd4 22. Bxg5 Qxd1 23. Rxd1
hxg5 24. exf5 exf5 25. Bxf5 Rc5 {Black can try to play for a win without any
risk. His queenside pawn majority is obviously more valuable than his
opponent's majority on the kingside.}) 21. Bc3 $1 ({Ivanchuk avoids the line
from the previous variation, which would have happened after} 21. Bxg5 hxg5 22.
exf5 c4 23. Bc2 Qxd1 24. Rxd1) 21... Qd8 {The queen goes to d8 in order to be
able to support the bishop's retreat to f6, if necessary.} 22. Bxb5 (22. f4 Bf6
) 22... Bxe4 (22... fxe4 23. Qh5 Kh7 24. Rd1 Bd5 25. Bc4 {looks dangerous for
Black from the practical point of view.}) 23. Qh5 Bd2 ({Again} 23... Kh7 24.
Rd1 Bd5 25. Bc4 {is something Topalov wanted to avoid.}) 24. f3 (24. Rd1 Qg5
25. Qxg5+ Bxg5 26. Bxa5 Bf6 27. Bc3 Bxc3 28. bxc3 $11) 24... Bxc3 25. bxc3 Bd3
26. Bxd3 (26. Rd1 c4 27. Qxh6 Qe7 28. Rfe1 Rfd8 {and the position is equal too,
since the black queen comes to f8 to protect the king.}) 26... Qxd3 27. Rxe6
fxe6 28. Qg6+ Kh8 29. Qxh6+ Kg8 30. Qg6+ Kh8 1/2-1/2